<?xml version="1.0" encoding="UTF-8"?>
<record
    xmlns:xsi="http://www.w3.org/2001/XMLSchema-instance"
    xsi:schemaLocation="http://www.loc.gov/MARC21/slim http://www.loc.gov/standards/marcxml/schema/MARC21slim.xsd"
    xmlns="http://www.loc.gov/MARC21/slim">

  <leader>01359na  a2200385   4500</leader>
  <controlfield tag="001">22232</controlfield>
  <controlfield tag="003">MIRAKIL</controlfield>
  <controlfield tag="005">20190228225145.0</controlfield>
  <controlfield tag="008">170212b        tu  n0        0    0     </controlfield>
  <datafield tag="022" ind1=" " ind2=" ">
    <subfield code="a">1302-5120</subfield>
  </datafield>
  <datafield tag="035" ind1=" " ind2=" ">
    <subfield code="a">22232</subfield>
  </datafield>
  <datafield tag="040" ind1=" " ind2=" ">
    <subfield code="a">Milas</subfield>
    <subfield code="b">tur</subfield>
    <subfield code="c">TR-AnCHP</subfield>
  </datafield>
  <datafield tag="041" ind1=" " ind2=" ">
    <subfield code="a">tur</subfield>
  </datafield>
  <datafield tag="090" ind1=" " ind2=" ">
    <subfield code="a">ATA 050 DER 136</subfield>
  </datafield>
  <datafield tag="222" ind1=" " ind2=" ">
    <subfield code="a">M&#xFC;dafaa-i hukuk</subfield>
  </datafield>
  <datafield tag="245" ind1=" " ind2=" ">
    <subfield code="a">M&#xFC;dafaa-i hukuk</subfield>
    <subfield code="b">Atat&#xFC;rk&#xE7;&#xFC; ayl&#x131;k dergi</subfield>
    <subfield code="c">[yay&#x131;nlayan] M&#xFC;dafaa-i Hukuk Vakf&#x131;</subfield>
  </datafield>
  <datafield tag="246" ind1=" " ind2=" ">
    <subfield code="a">Atat&#xFC;rk&#xE7;&#xFC; ayl&#x131;k dergi</subfield>
  </datafield>
  <datafield tag="246" ind1=" " ind2=" ">
    <subfield code="a">M&#xFC;dafaa-i Hukuk ayl&#x131;k Atat&#xFC;rk&#xE7;&#xFC; dergi</subfield>
  </datafield>
  <datafield tag="246" ind1=" " ind2=" ">
    <subfield code="a">M&#xFC;dafaa-i hukuk dergisi</subfield>
  </datafield>
  <datafield tag="246" ind1=" " ind2=" ">
    <subfield code="a">M&#xFC;dafaa-i Hukuk ayl&#x131;k Kemalist dergi</subfield>
  </datafield>
  <datafield tag="260" ind1=" " ind2=" ">
    <subfield code="a">Ankara</subfield>
    <subfield code="b">M&#xFC;dafaa-i Hukuk Vakf&#x131;</subfield>
    <subfield code="c">1998-</subfield>
  </datafield>
  <datafield tag="300" ind1=" " ind2=" ">
    <subfield code="a">c.</subfield>
    <subfield code="b">res.</subfield>
    <subfield code="c">30 sm.</subfield>
  </datafield>
  <datafield tag="310" ind1=" " ind2=" ">
    <subfield code="a">Ayl&#x131;k</subfield>
  </datafield>
  <datafield tag="362" ind1=" " ind2=" ">
    <subfield code="a">say&#x131; 38 (Ekim 2001)-</subfield>
  </datafield>
  <datafield tag="500" ind1=" " ind2=" ">
    <subfield code="a">Niteleme say&#x131; 38 (Ekim 2001)'e dayal&#x131;d&#x131;r.</subfield>
  </datafield>
  <datafield tag="500" ind1=" " ind2=" ">
    <subfield code="a">Mevcut say&#x131;lar: (11) Haziran 1999; (34-3) 1 Haziran 2001; (38) Ekim 2001; (39) Kas&#x131;m 2001; (94) Haziran 2006; (98) Ekim 2006 </subfield>
  </datafield>
  <datafield tag="600" ind1=" " ind2=" ">
    <subfield code="a">Atat&#xFC;rk, Mustafa Kemal</subfield>
    <subfield code="c">Gazi</subfield>
    <subfield code="d">1881-1938</subfield>
    <subfield code="v">S&#xFC;reli yay&#x131;nlar</subfield>
  </datafield>
  <datafield tag="610" ind1=" " ind2=" ">
    <subfield code="a">CHP</subfield>
    <subfield code="v">S&#xFC;reli yay&#x131;nlar</subfield>
  </datafield>
  <datafield tag="650" ind1=" " ind2=" ">
    <subfield code="a">Atat&#xFC;rk&#xE7;&#xFC;l&#xFC;k</subfield>
    <subfield code="v">S&#xFC;reli yay&#x131;nlar</subfield>
    <subfield code="z">T&#xFC;rkiye</subfield>
  </datafield>
  <datafield tag="651" ind1=" " ind2=" ">
    <subfield code="a">T&#xFC;rkiye</subfield>
    <subfield code="v">S&#xFC;reli yay&#x131;nlar</subfield>
    <subfield code="x">Siyasal tarih</subfield>
    <subfield code="y">1918-1960</subfield>
  </datafield>
  <datafield tag="655" ind1=" " ind2=" ">
    <subfield code="a">Dergi</subfield>
  </datafield>
  <datafield tag="710" ind1=" " ind2=" ">
    <subfield code="a">M&#xFC;dafaa-i Hukuk Vakf&#x131;</subfield>
  </datafield>
  <datafield tag="910" ind1=" " ind2=" ">
    <subfield code="a">DERG&#x130; 136</subfield>
  </datafield>
  <datafield tag="942" ind1=" " ind2=" ">
    <subfield code="2">ddc</subfield>
    <subfield code="c">SER</subfield>
    <subfield code="s">1</subfield>
  </datafield>
  <datafield tag="952" ind1=" " ind2=" ">
    <subfield code="5">1</subfield>
    <subfield code="a">0001</subfield>
    <subfield code="b">0001</subfield>
    <subfield code="d">2017-02-12</subfield>
    <subfield code="f"> ATA-S&#xDC;REL&#x130; YAYINLAR</subfield>
    <subfield code="l">0</subfield>
    <subfield code="o">050 DER 50</subfield>
    <subfield code="p">D136</subfield>
    <subfield code="r">2017-02-12 00:00:00</subfield>
    <subfield code="v">0.00</subfield>
    <subfield code="w">2017-02-12</subfield>
    <subfield code="x"> </subfield>
    <subfield code="y">SER</subfield>
  </datafield>
  <datafield tag="999" ind1=" " ind2=" ">
    <subfield code="c">11337</subfield>
    <subfield code="d">11337</subfield>
  </datafield>
</record>
